000 00325nam a2200133Ia 4500
008 191201s2011 xx 000 0 und d
082 _a510
_bSHA
100 _aSHARMA, RD
245 0 _aApplied mathematics Vol-1
250 _aRep
260 _c2011
_bDhanpat Rai Pubns (P) Ltd
_aNEW DELHI
300 _amics.
942 _2ddc
_cBK
999 _c7994
_d7994